| 000 | 00636nam a22002177a 4500 | ||
|---|---|---|---|
| 003 | OSt | ||
| 005 | 20140310181927.0 | ||
| 008 | 130720t xxu||||| |||| 00| 0 eng d | ||
| 050 |
_aQA 93 _b.Sch372s9s 2010 |
||
| 082 |
_aTR 510 _bSm7 2010 |
||
| 110 |
_aCambridge University Press, 2010 _92419 |
||
| 245 |
_aSMP Interact 9S : _bpractice for book 9S / |
||
| 260 |
_aCambridge : _bCambridge University Press, _cc2010. |
||
| 300 |
_a128 p. ; _bill. ; _c21 cm. |
||
| 521 | _aFaculty | ||
| 541 | _j1 | ||
| 562 | _e1 | ||
| 650 |
_aMathematics _9210 |
||
| 710 |
_aCambridge University Press, 2010 _92420 |
||
| 942 |
_2lcc _cBK-TR _kTR |
||
| 999 |
_c7213 _d7213 |
||